000 00582nam a22001817a 4500
003 OSt
005 20210501120344.0
008 210216s2006 ||||| |||| 00| 0 eng d
040 _aeng
_beng
_cDLC
041 _aeng
080 _a616.8
_bM-54
245 _a2006-2007 Membership Directory and Resource Guide
_b: Supplement to Neurology, Volume 67, Number 6, Supplement 1
_c/ by: American Academy of Neurology
260 _aUSA
_bAmerican Academy of Neurology
_c2006
300 _a394 p.
_bill.
650 0 _9100
_aNeurology
653 _aნევროლოგია
942 _2udc
_cBK
999 _c1428
_d1428